00535nam a2200193 a 4500001001300000003000900013005001700022008004100039020002300080082001600103100002200119245004800141260004200189300000900231500003500240505003300275650001100308700002200319nice12345678IN_TiNIC20260116013219.0050524s0000 kuaa grp 000 0 eng  a1882216 c21000a297.4bJIL3 aJilani, S A Qadir aUtterances of Shaikh Abd Al-Qadir Al-Jilani aKualalampurbS.A.Majeedand Co. c0000 a143p aincludes index and biblioraphy2 aSelected Bibliography, Index aSufism1 aJilani, S A Qadir